000 00744nam a22001817a 4500
005 20251108173510.0
008 250721s2007 xx 000 0 ara d
082 1 4 _aم/216.12/مقب
100 1 _aالمقبلي، صالح بن المهدي بن علي بن عبد الله
245 1 0 _aالأبحاث المسددة في فنون متعددة و معه ذيل الأبحاث المسدودة و حل عبارتها المعقدة /
264 1 _aصنعاء :
_bمكتبة الجيل الجديد،
_c2007.
300 _a840 ص.
650 1 7 _aالفقه الإسلامي
650 1 7 _aالأحكام الشرعية
700 1 _aالربيعي، الوليد بن عبد الرحمن سعيد
942 _2ddc
_cREF
999 _c105365
_d105365